000 01232nam a22003017a 4500
001 000435
003 DO-SdBPM
005 20250827100220.0
007 ta
008 1608291999 flu || |||| 00| 0 spa d
020 _a1558747311
040 _aDO-SdBPM
_bspa
_cBPMSU
_erda
082 4 _a158.2
_bS712p 1999
_222
245 0 0 _aSopa de pollo para el alma del trabajador :
_bhistorias de valor, compasión y creatividad en el lugar de trabajo /
_cJack Canfield... [et al.].
260 _aDeerfield Beach, Fla. :
_bHealth Communications,
_c1999.
300 _axvii, 241 páginas ;
_c22 cm.
336 _atexto
_btxt
_2rdacontent
337 _asin mediación
_bn
_2rdamedia
338 _avolumen
_bnc
_2rdacarrier
505 0 _tAmor en el trabajo --
_tSobre la solicitud --
_tEl poder del reconocimiento --
_tServicio: establecer nuevos criterios --
_t Sigue tus corazonadas --
_tCreatividad en el trabajo --
_tSuperar obstáaculos --
_tSobre el valor --
_tLecciones y enseñanzas.
590 _aInventariado, 2025/VM
650 7 _aPsicología aplicada.
650 7 _aRelaciones humanas.
650 7 _aComunicación interpersonal.
700 1 _aCanfield, Jack
910 _aVMateo V. Control de calidad. BPMSU
942 _2ddc
_cBK
999 _c11195
_d11195